| 000 | 00648nam a2200193 a 4500 | ||
|---|---|---|---|
| 005 | 20250402063807.0 | ||
| 008 | 081108s2000 mx r 000 0 spa d | ||
| 035 | _aUPN01000165826 | ||
| 049 | _aUNE | ||
| 080 | _aOC 058: 37.014.256 (100) =20 "1994" WOR. | ||
| 245 | 0 | 0 | _aWorld directory of national information centrs for academic recognition and mobility, 1994. |
| 260 | _aParis: UNESCO, 1994. | ||
| 440 | 0 | _aED.94/WS/26 | |
| 690 |
_aDirectorios _92281 |
||
| 690 |
_aServicios de información _97892 |
||
| 690 | _aEnseƱanza superior | ||
| 710 | 2 | _aInternational Congress on Academic Mobility and Recognition of Studies | |
| 905 | _aUNESCO | ||
| 999 |
_c137938 _d137938 |
||